| 000 | 02253nam1a2200445 i 4500 | ||
|---|---|---|---|
| 001 | RU\NLR\bibl\559458 | ||
| 005 | 20260407101538.0 | ||
| 035 | _a(NLR Aleph) 000551588 | ||
| 090 |
_a1475955 _c1475955 |
||
| 100 | _a20041006g20049999k y0rusy50 ca | ||
| 101 | 0 | _arus | |
| 102 | _aRU | ||
| 105 | _aa ||||||||| | ||
| 200 | 1 |
_aXVII Международная научная конференция "Математические методы в технике и технологиях". ММТТ - 17 _e[1-3 июня 2004 г.] _eСб. тр. _e[В 10 т. _fРедкол.: д.т.н., проф. В.С. Балакирев (общ. ред.) и др.] |
|
| 210 |
_aКострома _cИзд-во КГТУ _d2004 |
||
| 215 | _d20 | ||
| 300 | _aВ надзаг.: М-во образования и науки Рос. Федерации, Рос. хим.-технол. ун-т им. Д.И. Менделеева, Моск. гос. акад. тон. хим. технологии, Моск. гос. ун-т инж. экологии и др. | ||
| 300 | _a60 лет Костром. обл. | ||
| 463 | 0 | _1001546112 | |
| 463 | 0 | _1001546125 | |
| 463 | 0 | _1001546107 | |
| 463 | 0 | _1001559103 | |
| 463 | 0 | _1001558983 | |
| 463 | 0 | _1001608761 | |
| 463 | 0 | _1001607365 | |
| 463 | 0 | _1001612005 | |
| 463 | 0 | _1001612001 | |
| 463 | 0 | _1001612015 | |
| 517 | 0 | _aММТТ-17 | |
| 606 |
_aТехника _jСъезды, совещания и т.п _xМатематические основы _92230171 _3RU\NLR\AUTH\6601571169 |
||
| 606 |
_aТехнологические процессы _jСъезды, совещания и т.п _xМатематическое моделирование _91919936 _3RU\NLR\AUTH\661164526 |
||
| 686 | 1 | _aЖ.с11я431(0) | |
| 686 | 1 | _aЖ601с11я431(0) | |
| 702 | 1 |
_4340 _7ca _8rus _aБалакирев _bВ. С. _gВалентин Сергеевич _917899 _3RU\NLR\auth\7734900 |
|
| 710 | 1 | 2 |
_a"Математические методы в технике и технологиях", международная научная конференция _d17 _eКострома _f2004 _9612699 _3RU\NLR\AUTH\8810056025 |
| 801 | 0 |
_aRU _bNLR _c20041006 _gPSBO |
|
| 801 | 1 |
_aRU _bNLR _c20041006 |
|
| 852 |
_aNLR _j2004-3/17427 |
||
| 942 | _cBOOK | ||